<?xml version="1.0" encoding="UTF-8"?>
<record
    xmlns:xsi="http://www.w3.org/2001/XMLSchema-instance"
    xsi:schemaLocation="http://www.loc.gov/MARC21/slim http://www.loc.gov/standards/marcxml/schema/MARC21slim.xsd"
    xmlns="http://www.loc.gov/MARC21/slim">

  <leader>01138nam a2200313 i 4500</leader>
  <controlfield tag="003">EG-GICUC</controlfield>
  <controlfield tag="005">20260121101051.0</controlfield>
  <controlfield tag="008">251026s1971    ua ||||fr|||| 00| 0 ara d</controlfield>
  <datafield tag="017" ind1=" " ind2=" ">
    <subfield code="a">1971/2390</subfield>
  </datafield>
  <datafield tag="040" ind1=" " ind2=" ">
    <subfield code="a"> EG-GICUC</subfield>
    <subfield code="b">ara</subfield>
    <subfield code="c"> EG-GICUC</subfield>
    <subfield code="d"> EG-GICUC</subfield>
    <subfield code="e">rda</subfield>
  </datafield>
  <datafield tag="041" ind1="0" ind2=" ">
    <subfield code="a">ara</subfield>
  </datafield>
  <datafield tag="082" ind1="0" ind2="4">
    <subfield code="2">21</subfield>
    <subfield code="a">350.42</subfield>
    <subfield code="b">&#x645; &#x62D; . &#x62A;</subfield>
  </datafield>
  <datafield tag="092" ind1="0" ind2="4">
    <subfield code="2">21</subfield>
  </datafield>
  <datafield tag="099" ind1=" " ind2=" ">
    <subfield code="a">Law1 09 350.42 &#x645; &#x62D; . &#x62A; 1971</subfield>
  </datafield>
  <datafield tag="100" ind1="0" ind2=" ">
    <subfield code="a">&#x645;&#x62D;&#x645;&#x62F; &#x633;&#x639;&#x64A;&#x62F; &#x623;&#x62D;&#x645;&#x62F;</subfield>
    <subfield code="e">&#x645;&#x624;&#x644;&#x641;.</subfield>
  </datafield>
  <datafield tag="245" ind1="1" ind2="2">
    <subfield code="a">&#x627;&#x644;&#x62A;&#x646;&#x638;&#x64A;&#x645; &#x648;&#x62A;&#x637;&#x648;&#x64A;&#x631; &#x623;&#x633;&#x627;&#x644;&#x64A;&#x628; &#x627;&#x644;&#x639;&#x645;&#x644; : </subfield>
    <subfield code="b">&#x627;&#x644;&#x646;&#x638;&#x631;&#x64A;&#x627;&#x62A; &#x648;&#x627;&#x644;&#x627;&#x62A;&#x62C;&#x627;&#x647;&#x627;&#x62A; &#x627;&#x644;&#x62D;&#x62F;&#x64A;&#x62B;&#x629; / </subfield>
    <subfield code="c">&#x62F;&#x643;&#x62A;&#x648;&#x631; &#x645;&#x62D;&#x645;&#x62F; &#x633;&#x639;&#x64A;&#x62F; &#x627;&#x62D;&#x645;&#x62F;.</subfield>
  </datafield>
  <datafield tag="264" ind1=" " ind2=" ">
    <subfield code="a">&#x627;&#x644;&#x642;&#x627;&#x647;&#x631;&#x629; : </subfield>
    <subfield code="b">[&#x645;&#x637;&#x628;&#x639;&#x629; &#x627;&#x644;&#x645;&#x62F;&#x646;&#x64A;]&#x60C; </subfield>
    <subfield code="c">1971.</subfield>
  </datafield>
  <datafield tag="300" ind1=" " ind2=" ">
    <subfield code="a">351 &#x635;&#x641;&#x62D;&#x629; &#x61B; </subfield>
    <subfield code="c">24 &#x633;&#x645;.</subfield>
  </datafield>
  <datafield tag="336" ind1=" " ind2=" ">
    <subfield code="2">rda content</subfield>
    <subfield code="a">text</subfield>
  </datafield>
  <datafield tag="337" ind1=" " ind2=" ">
    <subfield code="2">rda media</subfield>
    <subfield code="a">Computer</subfield>
  </datafield>
  <datafield tag="338" ind1=" " ind2=" ">
    <subfield code="2">rda carrier</subfield>
    <subfield code="a">Online Resource</subfield>
  </datafield>
  <datafield tag="504" ind1=" " ind2=" ">
    <subfield code="a">&#x64A;&#x634;&#x62A;&#x645;&#x644; &#x639;&#x644;&#x649; &#x625;&#x631;&#x62C;&#x627;&#x639;&#x627;&#x62A; &#x628;&#x628;&#x644;&#x64A;&#x648;&#x62C;&#x631;&#x627;&#x641;&#x64A;&#x629;.</subfield>
  </datafield>
  <datafield tag="546" ind1=" " ind2=" ">
    <subfield code="a">&#x627;&#x644;&#x646;&#x635; &#x628;&#x627;&#x644;&#x644;&#x63A;&#x629; &#x627;&#x644;&#x639;&#x631;&#x628;&#x64A;&#x629;</subfield>
  </datafield>
  <datafield tag="650" ind1="1" ind2="4">
    <subfield code="a">&#x627;&#x644;&#x625;&#x62F;&#x627;&#x631;&#x629; &#x627;&#x644;&#x639;&#x627;&#x645;&#x629;</subfield>
    <subfield code="2">qrmak</subfield>
  </datafield>
  <datafield tag="651" ind1="1" ind2=" ">
    <subfield code="2">qrmak</subfield>
  </datafield>
  <datafield tag="856" ind1="4" ind2="0">
    <subfield code="u">https://fll.law.cu.edu.eg/fulltext/bks/B09-00103.pdf</subfield>
  </datafield>
  <datafield tag="905" ind1=" " ind2=" ">
    <subfield code="a">Maha</subfield>
  </datafield>
  <datafield tag="942" ind1=" " ind2=" ">
    <subfield code="2">ddc</subfield>
    <subfield code="c">BK</subfield>
    <subfield code="e">21</subfield>
    <subfield code="n">0</subfield>
  </datafield>
  <datafield tag="999" ind1=" " ind2=" ">
    <subfield code="c">37809</subfield>
    <subfield code="d">37809</subfield>
  </datafield>
  <datafield tag="952" ind1=" " ind2=" ">
    <subfield code="0">0</subfield>
    <subfield code="1">0</subfield>
    <subfield code="2">ddc</subfield>
    <subfield code="4">0</subfield>
    <subfield code="7">1</subfield>
    <subfield code="8">&#x627;&#x644;&#x625;&#x62F;&#x627;&#x631;&#x629; &#x627;&#x644;&#x639;&#x627;&#x645;&#x629;</subfield>
    <subfield code="a">CU</subfield>
    <subfield code="b">LAW1</subfield>
    <subfield code="d">2025-10-26</subfield>
    <subfield code="l">0</subfield>
    <subfield code="o">Law1 09 350.42 &#x645; &#x62D; . &#x62A; 1971 0900103 C1</subfield>
    <subfield code="p">B09-00103</subfield>
    <subfield code="r">2025-10-26 20:34:19</subfield>
    <subfield code="t">1</subfield>
    <subfield code="w">2025-10-26</subfield>
    <subfield code="y">BK</subfield>
  </datafield>
  <datafield tag="952" ind1=" " ind2=" ">
    <subfield code="0">0</subfield>
    <subfield code="1">0</subfield>
    <subfield code="2">ddc</subfield>
    <subfield code="4">0</subfield>
    <subfield code="7">0</subfield>
    <subfield code="8">&#x627;&#x644;&#x642;&#x627;&#x646;&#x648;&#x646; &#x627;&#x644;&#x62F;&#x633;&#x62A;&#x648;&#x631;&#x64A;</subfield>
    <subfield code="a">CU</subfield>
    <subfield code="b">LAW1</subfield>
    <subfield code="d">2025-10-29</subfield>
    <subfield code="l">0</subfield>
    <subfield code="o">Law1 09 350.42 &#x645; &#x62D; . &#x62A; 1971 0900101 C2</subfield>
    <subfield code="p">B09-00101</subfield>
    <subfield code="r">2025-10-29 21:22:00</subfield>
    <subfield code="t">2</subfield>
    <subfield code="w">2025-10-29</subfield>
    <subfield code="y">BK</subfield>
  </datafield>
</record>
